000 005760000a22002050004500
003 LK-CoMWRAF
005 20230930003257.0
008 230817t ||||| |||| 00| 0 eng d
040 _aLK-CoMWRAF
_dLK-CoMWRAF
_eLK-CoMWRAF
041 _aeng
082 _a297
_bTIR
100 _aKandhelwi, Shaykhul Hadith Maulana Muhammad Zakariyya
245 _aShamaa-il Tirmidhi
250 _a2nd Edition
260 _aIndia :
_bSeema sajid for new era publishers,
_c1992
300 _a458p
650 _aHadiths
700 _aEbrahim, Muhammad Bin Abdur Rahman
_etrans.
942 _cBK
999 _c232
_d232